| 000 | 00591nam a2200217 a 4500 | ||
|---|---|---|---|
| 999 |
_c4956 _d4956 |
||
| 001 | 4956 | ||
| 003 | BD-JhCC | ||
| 005 | 20171205195236.0 | ||
| 008 | 171205s2010 bg |||| ||a| 000 0 eng d | ||
| 035 | _a(BD-JhCC)4956 | ||
| 040 |
_aBD-JhCC _dBD-JhCC |
||
| 041 | _aeng | ||
| 082 |
_a428.6 _bULL 2010 |
||
| 100 | _aUllah , Md.Khali | ||
| 245 |
_aA Potential Model Question For Junior School Certificate Examinition (JSC) / _cMd.Khalil Ullah |
||
| 260 |
_aDhaka : _bShupti Prokasoni _c2010. |
||
| 300 |
_a398 p. : _c24 cm. |
||
| 650 | _aEnglishLanguage | ||
| 942 |
_2ddc _cBK |
||